000 01238nam a2200421 a 4500
008 030124s2002slocxo r 0 slo c
020 _a8071653403
_c10
040 _aSNK
_bslo
_cSNK
_eAACR2
041 1 _aslo
_hfre
043 _ae------
043 _ae-fr---
044 _axo
_cSK
072 7 _a327
_2SNK
080 _a327(4)
080 _a929
080 _a32-051
080 _a327.001
080 _a(4)
080 _a(048.8)
080 _a(44)
100 1 _aShuman, Robert
_d1886-1963
_4aut
240 1 0 _aPour l'Europe
_lSlovensky
245 1 0 _aPre Európu
_cRobert Schuman ; predslov Ján Figeľ ; [preložila Veronika Belošovičová]
250 _a[1. vyd.]
260 _a[Prešov]
_bMichal Vaško
_c2002
300 _a135 s.
_c17 cm
500 _aÚdaj o prekl. prevzatý z tir.
600 1 _aSchuman, Robert
_d1886-1963
_2SNK
650 0 7 _apolitika medzinárodná
_zEurópa
_2SNK
650 0 7 _apolitici
_zFrancúzsko
_2SNK
650 0 7 _amedzinárodná politika
_zEurópa
_2SNK
650 0 7 _aMedzinárodné vzťahy, svetová politika
_2SNK
700 1 _aBelošovičová, Veronika
_4trl
700 1 _aFigeľ, Ján
_4aui
730 _tPour l'Europe
765 0 _tPour l'Europe
_aSchuman, Robert
958 _aAPP
999 _c15290
_d15290